[Event "4NCL/Div3/HACK vs. FPONTY"]
[Site "Daventry ENG"]
[Date "2009.10.24"]
[Round "1.5"]
[White "Shaw, Dashiell L"]
[Black "Dixon, Chris"]
[Result "1-0"]
[WhiteElo "1910"]
[BlackElo "1953"]
[PlyCount "123"]
[EventDate "2009.10.24"]
[SourceDate "2009.10.24"]

1. e4 d6 2. d4 Nf6 3. Nc3 g6 4. Nf3 Bg7 5. Bg5 c6 6. Qd2 h6 7. Be3 Qa5 8. h3 b5
9. Bd3 b4 10. Ne2 Ba6 11. O-O Bxd3 12. cxd3 Qb6 13. e5 Nd5 14. exd6 exd6 15.
Nf4 Nf6 16. d5 c5 17. d4 O-O 18. dxc5 dxc5 19. Nd3 Nbd7 20. Bxh6 Nxd5 21. Bxg7
Kxg7 22. Nxb4 Nxb4 23. Qxd7 Rad8 24. Qa4 Nd3 25. b3 Rfe8 26. Rad1 Re6 27. Qh4
Rh8 28. Qc4 Nb4 29. Ng5 Re7 30. Rde1 Qf6 31. Rxe7 Qxe7 32. Qc3+ Qf6 33. Qxf6+
Kxf6 34. Ne4+ Ke5 35. Nxc5 Rc8 36. Re1+ Kd5 37. Na4 Nxa2 38. Re7 Rc1+ 39. Kh2
f5 40. Rxa7 Rc6 41. Rb7 Nc1 42. Rb6 Nd3 43. Rxc6 Kxc6 44. Kg3 Kd6 45. f4 Ke6
46. Nc3 Nb4 47. Kf3 Nc2 48. Ne2 Ne1+ 49. Kf2 Nd3+ 50. Ke3 Nb4 51. g4 fxg4 52.
hxg4 Kd5 53. Nc3+ Kd6 54. Ke4 Ke6 55. f5+ gxf5+ 56. gxf5+ Kf7 57. Nd5 Nc6 58.
b4 Na7 59. Nc3 Kf6 60. b5 Nc8 61. Nd5+ Kf7 62. Ke5 1-0

[Event "4NCL/Div3/HACK vs. FPONTY"]
[Site "Daventry ENG"]
[Date "2009.10.24"]
[Round "1.6"]
[White "Gilbert, Colin"]
[Black "Vives, Pepe"]
[Result "1-0"]
[WhiteElo "1864"]
[BlackElo "1938"]
[PlyCount "71"]
[EventDate "2009.10.24"]
[SourceDate "2009.10.24"]

1. d4 Nf6 2. c4 c5 3. d5 b5 4. cxb5 a6 5. Nf3 axb5 6. Qc2 Nxd5 7. e4 Nb4 8. Qd1
e6 9. Nc3 Qb6 10. Be3 Ba6 11. Be2 d6 12. O-O Be7 13. a3 N4c6 14. b4 O-O 15. Rb1
Rd8 16. a4 Nxb4 17. axb5 Bb7 18. Rxb4 Qa5 19. Rb3 d5 20. exd5 exd5 21. Nb1 d4
22. Ra3 Qb6 23. Bf4 Rxa3 24. Nxa3 Bd5 25. Bxb8 Rxb8 26. Qa4 Ra8 27. Nc4 Qe6 28.
Qc2 Rb8 29. Nce5 Bf6 30. Nc6 Bxc6 31. bxc6 Qxc6 32. Rb1 Rc8 33. Bc4 g6 34. Nd2
Bg7 35. h3 Qc7 36. Qe4 {scoresheets illegible} 1-0

[Event "4NCL/Div3/AMCAH vs. E2E42"]
[Site "Daventry ENG"]
[Date "2009.10.24"]
[Round "1.1"]
[White "Holland, James P"]
[Black "Jones, Christopher M"]
[Result "1/2-1/2"]
[WhiteElo "1943"]
[BlackElo "1964"]
[PlyCount "45"]
[EventDate "2009.10.24"]
[SourceDate "2009.10.24"]

1. e4 e5 2. Nf3 Nc6 3. Nc3 Nf6 4. d4 exd4 5. Nxd4 Bb4 6. Nxc6 bxc6 7. Bd3 d5 8.
exd5 cxd5 9. O-O Bxc3 10. bxc3 O-O 11. Bg5 h6 12. Bh4 Qd6 13. Bg3 Qc5 14. Be5
Ng4 15. Bf4 Re8 16. Qf3 Ne5 17. Qg3 Nxd3 18. Bxh6 Qxc3 19. cxd3 Qf6 20. Bg5 Qg6
21. Be3 Qxg3 22. hxg3 Ba6 23. Rfd1 1/2-1/2

[Event "4NCL/Div3/AMCAH vs. E2E42"]
[Site "Daventry ENG"]
[Date "2009.10.24"]
[Round "1.2"]
[White "Gibson, Christopher A"]
[Black "Andreev, Peter"]
[Result "1/2-1/2"]
[WhiteElo "1970"]
[BlackElo "1895"]
[PlyCount "73"]
[EventDate "2009.10.24"]
[SourceDate "2009.10.24"]

1. d4 Nf6 2. c4 g6 3. Nc3 Bg7 4. e4 d6 5. f3 Nc6 6. Be3 e5 7. d5 Nd4 8. Nge2 c5
9. dxc6 bxc6 10. Nxd4 exd4 11. Bxd4 O-O 12. Be2 Rb8 13. Qd2 Nh5 14. Bf2 Nf4 15.
Qxf4 Rxb2 16. Rc1 Qa5 17. Qe3 Re8 18. O-O Bxc3 19. Rxc3 Rxe2 20. Qxe2 Qxc3 21.
Rd1 Rd8 22. Bd4 Qa5 23. Bf6 Qc5+ 24. Kh1 Re8 25. Qd2 Re6 26. Bd4 Qxc4 27. Qg5
Bd7 28. Qh6 f6 29. Qh4 Qa4 30. Qe1 c5 31. Ba1 Qxa2 32. Qc3 Bb5 33. h3 a6 34.
Kh2 Kf7 35. Qe3 Qe2 36. Qc1 g5 37. Re1 1/2-1/2

[Event "4NCL/Div3/AMCAH vs. E2E42"]
[Site "Daventry ENG"]
[Date "2009.10.24"]
[Round "1.3"]
[White "Venmore-Rowland, Edward PC"]
[Black "Foster, James M"]
[Result "0-1"]
[WhiteElo "1834"]
[BlackElo "1876"]
[PlyCount "106"]
[EventDate "2009.10.24"]
[SourceDate "2009.10.24"]

1. e4 e6 2. d4 d5 3. e5 c5 4. c3 Qb6 5. Nf3 Nc6 6. a3 c4 7. Qc2 Na5 8. Nbd2 Bd7
9. a4 f6 10. Be2 Ne7 11. O-O Ng6 12. g3 O-O-O 13. Bd1 fxe5 14. dxe5 Nc6 15. b3
cxb3 16. Nxb3 Ngxe5 17. Nfd4 Na5 18. Bf4 Nec4 19. Nxa5 Qxa5 20. Nb3 Qa6 21. Qe2
Bd6 22. Bg5 Rde8 23. Nd4 e5 24. Nb5 Bxb5 25. axb5 Qxa1 26. Qxc4+ dxc4 27. Bg4+
Kb8 28. Rxa1 Bc5 29. Kg2 Rhf8 30. Ra2 h6 31. Be3 Bxe3 32. fxe3 e4 33. Ra4 Re5
34. Rxc4 Rxb5 35. Kh3 Re5 36. Kh4 a5 37. Ra4 Rf2 38. Kh3 h5 39. Bd1 Rd5 40. Bb3
Rdd2 41. Kh4 Rxh2+ 42. Kg5 h4 43. gxh4 Rdg2+ 44. Kf5 Rxh4 45. Ke6 Rg5 46. Rd4
Rc5 47. c4 Rh6+ 48. Kf7 Rc7+ 49. Kg8 Re6 50. c5 Re8+ 51. Kh7 g5+ 52. Kg6 Rxc5
53. Ra4 Ree5 0-1

[Event "4NCL/Div3/AMCAH vs. E2E42"]
[Site "Daventry ENG"]
[Date "2009.10.24"]
[Round "1.4"]
[White "Van Der Westhuizen, Charles V"]
[Black "Malhotra, Tarun"]
[Result "1/2-1/2"]
[WhiteElo "1824"]
[BlackElo "1730"]
[PlyCount "41"]
[EventDate "2009.10.24"]
[SourceDate "2009.10.24"]

1. d4 Nf6 2. c4 g6 3. Nc3 Bg7 4. e4 d6 5. Be2 Nc6 6. Nf3 e5 7. dxe5 dxe5 8.
Qxd8+ Nxd8 9. h3 O-O 10. Be3 b6 11. O-O-O Nc6 12. Bd3 Bb7 13. Bb1 Rfe8 14. Nd5
Rac8 15. a3 Na5 16. Nxf6+ Bxf6 17. Nd2 c5 18. Bc2 Red8 19. f3 Nc6 20. Nb1 Nd4
21. Nc3 1/2-1/2

[Event "4NCL/Div3/AMCAH vs. E2E42"]
[Site "Daventry ENG"]
[Date "2009.10.24"]
[Round "1.5"]
[White "Meechan, Catriona"]
[Black "Mapletoft, Alexander J"]
[Result "0-1"]
[WhiteElo "1738"]
[BlackElo "1862"]
[PlyCount "122"]
[EventDate "2009.10.24"]
[SourceDate "2009.10.24"]

1. Nf3 d5 2. d4 Nf6 3. g3 Bf5 4. Bg2 e6 5. O-O Bd6 6. Nbd2 Nbd7 7. e3 c5 8. Re1
Qc7 9. c3 h6 10. Qe2 O-O-O 11. c4 Rhe8 12. b3 Ne4 13. cxd5 exd5 14. Bb2 Kb8 15.
Rac1 Qa5 16. a3 cxd4 17. Nxe4 dxe4 18. Nxd4 Bh7 19. Nb5 Be5 20. b4 Qb6 21. Bd4
Bxd4 22. Nxd4 Ne5 23. Rc3 Nd3 24. Rd1 Rc8 25. Rxc8+ Rxc8 26. Qg4 Qg6 27. Qd7
Qf6 28. f4 exf3 29. Bxf3 Rc7 30. Qb5 Ne5 31. Bg2 Qe7 32. Nb3 Nc6 33. Qc5 Qxc5
34. Nxc5 Bf5 35. e4 Bc8 36. Re1 b6 37. Nb3 Ne5 38. Rc1 Be6 39. Rxc7 Kxc7 40.
Nd4 Bd7 41. b5 Nc4 42. Nc2 Bxb5 43. Bf1 Kd6 44. Nd4 Kc5 45. Nb3+ Kd6 46. Nd4
Ba6 47. a4 g6 48. Nc2 Kc5 49. Kf2 Bb7 50. Ne3 Nxe3 51. Kxe3 a5 52. Bb5 Bc6 53.
Bxc6 Kxc6 54. Kd4 b5 55. axb5+ Kxb5 56. Ke5 a4 57. Kf6 a3 58. Kxf7 a2 59. e5
a1=Q 60. e6 Qf1+ 61. Ke8 Kc6 0-1

[Event "4NCL/Div3/AMCAH vs. E2E42"]
[Site "Daventry ENG"]
[Date "2009.10.24"]
[Round "1.6"]
[White "Dean, Michael"]
[Black "O'Neill, Tom C"]
[Result "0-1"]
[WhiteElo "1730"]
[BlackElo "1523"]
[PlyCount "68"]
[EventDate "2009.10.24"]
[SourceDate "2009.10.24"]

1. e4 c5 2. Nf3 d6 3. d4 cxd4 4. Nxd4 Nf6 5. Nc3 a6 6. h3 e5 7. Nde2 b5 8. Bg5
Bb7 9. g4 h6 10. Bxf6 Qxf6 11. Bg2 Nd7 12. O-O Nb6 13. Ng3 g6 14. Nd5 Nxd5 15.
exd5 Rc8 16. f4 exf4 17. Re1+ Kd8 18. Ne4 Qxb2 19. c3 f5 20. Qd4 fxe4 21. Qxh8
f3 22. Qxf8+ Kc7 23. Qf7+ Kb8 24. Bxf3 exf3 25. Qxf3 Rxc3 26. Qf8+ Ka7 27. Qxd6
Rc2 28. Qg3 Qd4+ 29. Kf1 Bxd5 30. Re7+ Bb7 31. Rae1 Rc3 32. Qg2 Qc4+ 33. Kg1
Qd4+ 34. Kh1 Rxh3# 0-1

[Event "4NCL/Div3/GUEM vs. GLOSG"]
[Site "Daventry ENG"]
[Date "2009.10.24"]
[Round "1.1"]
[White "Ozanne, Mark S"]
[Black "Lambourne, Daniel M"]
[Result "1-0"]
[WhiteElo "2028"]
[BlackElo "2001"]
[PlyCount "103"]
[EventDate "2009.10.24"]
[SourceDate "2009.10.24"]

1. e4 d6 2. d4 Nf6 3. Nc3 g6 4. f4 Bg7 5. a3 Bg4 6. Nf3 e6 7. h3 Bxf3 8. Qxf3
Nc6 9. Be3 d5 10. e5 Nd7 11. g4 h5 12. O-O-O Qe7 13. f5 hxg4 14. hxg4 Rxh1 15.
Qxh1 Ndxe5 16. dxe5 Bxe5 17. Bd2 gxf5 18. gxf5 O-O-O 19. Bh3 Kb8 20. Qg2 d4 21.
Ne4 exf5 22. Bxf5 f6 23. Rh1 Qf7 24. Kb1 a6 25. Qf1 Qd5 26. Nf2 Ne7 27. Be4 Qe6
28. Nd3 Bd6 29. Qf3 c6 30. Nf4 Qe5 31. Nd3 Qe6 32. Nf4 Qe5 33. Bd3 f5 34. Ne2
Nd5 35. Qxf5 Qxf5 36. Bxf5 c5 37. Rh7 Rf8 38. Be4 Nc7 39. Nc1 Re8 40. Bd3 Re6
41. Rh6 Rxh6 42. Bxh6 b5 43. Ne2 Kb7 44. Bf4 Be7 45. Be4+ Kb6 46. Kc1 Ne6 47.
Be5 Bg5+ 48. Kd1 Be3 49. Bd5 Nc7 50. Bf7 Bg5 51. Nf4 a5 52. Bxc7+ 1-0

[Event "4NCL/Div3/GUEM vs. GLOSG"]
[Site "Daventry ENG"]
[Date "2009.10.24"]
[Round "1.2"]
[White "Martin, Peter"]
[Black "Jamieson, Ian M"]
[Result "1/2-1/2"]
[WhiteElo "2066"]
[BlackElo "2002"]
[PlyCount "65"]
[EventDate "2009.10.24"]
[SourceDate "2009.10.24"]

1. d4 e6 2. Nf3 f5 3. Bg5 Be7 4. Bxe7 Qxe7 5. c3 d6 6. Nbd2 Nf6 7. e3 O-O 8.
Bd3 e5 9. Bc4+ Kh8 10. dxe5 dxe5 11. Qe2 Nc6 12. a3 Be6 13. O-O Rae8 14. Rad1
Ng4 15. h3 Nf6 16. Bxe6 Qxe6 17. Qb5 b6 18. Ng5 Qd5 19. Qxd5 Nxd5 20. e4 Nf4
21. exf5 Rxf5 22. Nge4 Kg8 23. Nc4 Rff8 24. Rd2 b5 25. Ne3 Rd8 26. Rfd1 Rxd2
27. Rxd2 Rd8 28. Rxd8+ Nxd8 29. Ng4 Nd3 30. b3 Nc6 31. Ne3 Nc1 32. b4 Ne7 33.
Kf1 1/2-1/2

[Event "4NCL/Div3/GUEM vs. GLOSG"]
[Site "Daventry ENG"]
[Date "2009.10.24"]
[Round "1.3"]
[White "Carpenter, Paul"]
[Black "Waterfield, John W"]
[Result "0-1"]
[WhiteElo "1826"]
[BlackElo "1988"]
[PlyCount "66"]
[EventDate "2009.10.24"]
[SourceDate "2009.10.24"]

1. d4 Nf6 2. e3 g6 3. Bd3 Bg7 4. f4 d6 5. Nf3 O-O 6. O-O Nbd7 7. f5 e6 8. fxe6
fxe6 9. c3 Qe7 10. e4 c6 11. Bg5 h6 12. Bd2 e5 13. dxe5 Nxe5 14. Nxe5 Qxe5 15.
Bf4 Qc5+ 16. Kh1 Ng4 17. Qd2 g5 18. Bg3 Be6 19. h3 Rxf1+ 20. Bxf1 Rf8 21. Bd3
Be5 22. hxg4 Bxg3 23. Na3 Rf2 24. Qe1 Rxg2 25. Kxg2 Bxe1 26. Rxe1 b5 27. Nc2
Bxg4 28. Ne3 Be6 29. a3 Qe5 30. Rh1 Qf4 31. Re1 g4 32. Bb1 Qf3+ 33. Kg1 g3 0-1

[Event "4NCL/Div3/GUEM vs. GLOSG"]
[Site "Daventry ENG"]
[Date "2009.10.24"]
[Round "1.4"]
[White "Meade, Philip J"]
[Black "Carpenter, Richard"]
[Result "1-0"]
[WhiteElo "1960"]
[BlackElo "1962"]
[PlyCount "63"]
[EventDate "2009.10.24"]
[SourceDate "2009.10.24"]

1. e4 g6 2. d4 Bg7 3. Nc3 c5 4. d5 d6 5. Nf3 Nf6 6. Be2 O-O 7. O-O Bg4 8. h3
Bxf3 9. Bxf3 Nbd7 10. Bf4 b5 11. Nxb5 Qb6 12. Qd3 Rab8 13. a4 a6 14. Nc3 c4 15.
Qd2 Nh5 16. Bh6 Bxh6 17. Qxh6 Qxb2 18. Qd2 Rb3 19. Ra2 Qxc3 20. cxb3 Qxd2 21.
Rxd2 cxb3 22. Rb2 Nc5 23. Rfb1 Rb8 24. Bd1 Nf4 25. Bxb3 Nxe4 26. Bc2 Rxb2 27.
Rxb2 Nc5 28. Bb3 Kg7 29. a5 Nxb3 30. Rxb3 Nxd5 31. Rb6 Nc7 32. Rc6 1-0

[Event "4NCL/Div3/GUEM vs. GLOSG"]
[Site "Daventry ENG"]
[Date "2009.10.24"]
[Round "1.5"]
[White "O'Connor, Jonathan T"]
[Black "Taylor, Geoffrey P"]
[Result "0-1"]
[WhiteElo "1675"]
[BlackElo "1962"]
[PlyCount "83"]
[EventDate "2009.10.24"]
[SourceDate "2009.10.24"]

1. e4 c5 2. d4 cxd4 3. c3 d3 4. Bxd3 Nc6 5. Nf3 d6 6. O-O Nf6 7. Qc2 Bd7 8. Bf4
e5 9. Bg3 Be7 10. Nbd2 Qc7 11. Rad1 O-O 12. h3 Rac8 13. Rfe1 Nb4 14. Qb1 Nxd3
15. Qxd3 Be6 16. Re3 Nh5 17. Bh2 g6 18. Qe2 a6 19. b3 b5 20. Nf1 Qa5 21. Qb2
Rc6 22. g4 Ng7 23. Ng3 Rfc8 24. Ne2 h5 25. Kg2 hxg4 26. hxg4 Bxg4 27. Rh1 Nh5
28. Qd2 Kg7 29. Bxe5+ dxe5 30. Nxe5 Bxe2 31. Nxc6 Rxc6 32. Rxe2 Qxc3 33. Rd1
Qf6 34. Re3 Nf4+ 35. Kf1 Qh4 36. Rg3 Qh1+ 37. Rg1 Qh3+ 38. Ke1 Ng2+ 39. Ke2 Rd6
40. Qb2+ Bf6 41. Qc2 Nf4+ 42. Ke1 0-1

[Event "4NCL/Div3/GUEM vs. GLOSG"]
[Site "Daventry ENG"]
[Date "2009.10.24"]
[Round "1.6"]
[White "Dodwell, Phil"]
[Black "Kumar, Shankar"]
[Result "1/2-1/2"]
[WhiteElo "1978"]
[BlackElo "1805"]
[PlyCount "28"]
[EventDate "2009.10.24"]
[SourceDate "2009.10.24"]

1. e4 c5 2. Nc3 d6 3. f4 g6 4. Nf3 Bg7 5. Bb5+ Bd7 6. a4 a6 7. Bc4 Nc6 8. O-O
Nf6 9. e5 dxe5 10. fxe5 Ng4 11. Bxf7+ Kxf7 12. e6+ Ke8 13. exd7+ Qxd7 14. Kh1
Rd8 1/2-1/2

[Event "4NCL/Div3/3CS vs. GUI4"]
[Site "Daventry ENG"]
[Date "2009.10.24"]
[Round "1.1"]
[White "Ashton, Adam G"]
[Black "Eckloff, Colin"]
[Result "1-0"]
[WhiteElo "2319"]
[BlackElo "2100"]
[PlyCount "63"]
[EventDate "2009.10.24"]
[SourceDate "2009.10.24"]

1. e4 d5 2. exd5 Nf6 3. Be2 Qxd5 4. Nf3 Bg4 5. c4 Qf5 6. d4 Nc6 7. h3 Bxf3 8.
Bxf3 O-O-O 9. Be3 e5 10. d5 Nb4 11. O-O h5 12. Nc3 g5 13. Qb1 Qxb1 14. Raxb1 g4
15. Be2 gxh3 16. gxh3 Nc2 17. Bd3 Nxe3 18. fxe3 Rg8+ 19. Kh2 e4 20. Bxe4 Nxe4
21. Nxe4 Bh6 22. Nf6 Rg6 23. e4 Bg7 24. e5 Bxf6 25. Rxf6 Rg5 26. Re1 c5 27. d6
Re8 28. Rxf7 Rexe5 29. Rxe5 Rxe5 30. Kg3 Re2 31. Rc7+ Kb8 32. Re7 1-0

[Event "4NCL/Div3/3CS vs. GUI4"]
[Site "Daventry ENG"]
[Date "2009.10.24"]
[Round "1.3"]
[White "James, Dale R"]
[Black "Shaw, Matthew H"]
[Result "1-0"]
[WhiteElo "2171"]
[BlackElo "1956"]
[PlyCount "53"]
[EventDate "2009.10.24"]
[SourceDate "2009.10.24"]

1. e4 e6 2. Nf3 d5 3. e5 c5 4. c4 Ne7 5. Nc3 Nbc6 6. cxd5 Nxd5 7. Bb5 a6 8.
Bxc6+ bxc6 9. O-O Be7 10. Qa4 Bb7 11. Qg4 O-O 12. Ne4 Kh8 13. d3 Nb4 14. Rd1 c4
15. Bg5 Nxd3 16. Nd6 Qc7 17. Bxe7 Qxe7 18. Nxc4 Nb4 19. Ng5 c5 20. a3 Nc6 21.
Rd3 h6 22. Rh3 Rad8 23. Nf3 Rd3 24. Rg3 g6 25. Qh4 Kg7 26. Nd6 g5 27. Nxb7 1-0

[Event "4NCL/Div3/3CS vs. GUI4"]
[Site "Daventry ENG"]
[Date "2009.10.24"]
[Round "1.4"]
[White "Armour, Philip"]
[Black "Jaunooby, Ali Reza"]
[Result "0-1"]
[WhiteElo "1850"]
[BlackElo "2171"]
[PlyCount "76"]
[EventDate "2009.10.24"]
[SourceDate "2009.10.24"]

1. d4 g6 2. e4 Bg7 3. c3 d6 4. Nf3 Nf6 5. Bd3 c5 6. d5 O-O 7. O-O c4 8. Bc2
Nbd7 9. Na3 Qc7 10. Qe2 Nb6 11. Nb5 Qb8 12. Nd2 Bd7 13. Na3 e6 14. dxe6 Bxe6
15. Naxc4 Re8 16. Nxb6 axb6 17. Qb5 Qc7 18. f3 Bxa2 19. Bb3 Ra5 20. Qb4 Bxb3
21. Nxb3 Rxa1 22. Nxa1 d5 23. e5 Bf8 24. Qa4 Bc5+ 25. Kh1 Qxe5 26. Qd1 Bd6 27.
f4 Qf5 28. Nc2 Bc5 29. Nd4 Qe4 30. Nb3 Bd6 31. Nd4 Nh5 32. Nf3 Qc4 33. Nd4 Re4
34. Re1 Nxf4 35. Rxe4 dxe4 36. Bxf4 Bxf4 37. Ne2 Qd3 38. Qxd3 exd3 0-1

[Event "4NCL/Div3/3CS vs. GUI4"]
[Site "Daventry ENG"]
[Date "2009.10.24"]
[Round "1.5"]
[White "Clements, Thomas A"]
[Black "Deswarte, Ian"]
[Result "0-1"]
[WhiteElo "1962"]
[BlackElo "1900"]
[PlyCount "36"]
[EventDate "2009.10.24"]
[SourceDate "2009.10.24"]

1. e4 e5 2. f4 Bc5 3. Nf3 d5 4. exd5 e4 5. Ne5 Nf6 6. Bb5+ c6 7. dxc6 bxc6 8.
Bc4 O-O 9. Nc3 Qc7 10. Qe2 Nbd7 11. b3 Nxe5 12. fxe5 Bg4 13. Qf1 Qxe5 14. Be2
e3 15. h3 exd2+ 16. Bxd2 Qg3+ 17. Kd1 Rad8 18. Kc1 Ba3+ 0-1

[Event "4NCL/Div3/3CS vs. GUI4"]
[Site "Daventry ENG"]
[Date "2009.10.24"]
[Round "1.6"]
[White "Ward, Matthew J"]
[Black "Gittens, Nathan L"]
[Result "0-1"]
[WhiteElo "1669"]
[BlackElo "1722"]
[PlyCount "36"]
[EventDate "2009.10.24"]
[SourceDate "2009.10.24"]

1. e4 c5 2. Nf3 d6 3. d4 cxd4 4. Nxd4 Nf6 5. Nc3 g6 6. Be3 Bg7 7. f3 O-O 8. Bc4
Nc6 9. Qd2 Bd7 10. O-O-O Rc8 11. Bb3 Ne5 12. g4 Qa5 13. Kb1 Rxc3 14. Qxc3 Qxc3
15. bxc3 Nxf3 16. Nxf3 Nxe4 17. Bd4 Bxg4 18. Bxg7 Kxg7 0-1

[Event "4NCL/Div3/FCA2 vs. RHYE"]
[Site "Daventry ENG"]
[Date "2009.10.24"]
[Round "1.1"]
[White "Majer, Chris E"]
[Black "Spice, Alan P"]
[Result "1-0"]
[WhiteElo "2054"]
[BlackElo "2169"]
[PlyCount "95"]
[EventDate "2009.10.24"]
[SourceDate "2009.10.24"]

1. e4 e6 2. d4 d5 3. e5 c5 4. c3 Nc6 5. Nf3 Qb6 6. Bd3 cxd4 7. cxd4 Bd7 8. O-O
Nxd4 9. Nxd4 Qxd4 10. Nc3 Qxe5 11. Re1 Qb8 12. Nxd5 Bd6 13. Qg4 Kf8 14. Bd2 h5
15. Qh3 Bc6 16. Ne3 b5 17. Rac1 Qb7 18. Nc2 a6 19. Nb4 Bd7 20. Be4 Qb8 21. Bxa8
Qxa8 22. Qd3 Qb8 23. Nxa6 Qb6 24. Bb4 Qxa6 25. Bxd6+ Ke8 26. Red1 Nf6 27. Ba3
Nd5 28. Qe4 Qb7 29. Bc5 Rh6 30. Qe5 Rg6 31. g3 f6 32. Qd6 Kd8 33. Qf8+ Be8 34.
Qd6+ Bd7 35. Re1 f5 36. Qf8+ Be8 37. Qd6+ Bd7 38. Be3 h4 39. Bf4 hxg3 40. hxg3
Nxf4 41. Qxf4 Rh6 42. f3 Qb6+ 43. Kg2 Rh5 44. Red1 e5 45. Qd2 Qe6 46. Qa5+ Ke8
47. Rc7 Bc6 48. Rxc6 1-0

[Event "4NCL/Div3/FCA2 vs. RHYE"]
[Site "Daventry ENG"]
[Date "2009.10.24"]
[Round "1.2"]
[White "Morris, Gareth L"]
[Black "Williamson, Kevin J"]
[Result "0-1"]
[WhiteElo "2147"]
[BlackElo "2045"]
[PlyCount "98"]
[EventDate "2009.10.24"]
[SourceDate "2009.10.24"]

1. Nc3 Nf6 2. e4 e5 3. Nf3 Nc6 4. Bb5 Nd4 5. Bc4 Nxf3+ 6. Qxf3 Bc5 7. d3 d6 8.
Bg5 Bb4 9. O-O Bxc3 10. bxc3 Be6 11. Bxe6 fxe6 12. Qh3 Qd7 13. f4 exf4 14. Rxf4
e5 15. Rf5 O-O-O 16. Raf1 Kb8 17. Rxf6 Qxh3 18. gxh3 gxf6 19. Bh4 Rhg8+ 20. Kf2
Rg6 21. Bg3 Kc8 22. Ke3 Kd7 23. Rf5 Ke6 24. Rh5 Rd7 25. c4 Rg5 26. Rh6 Rg6 27.
Rh5 c6 28. h4 a6 29. a4 b5 30. cxb5 cxb5 31. axb5 axb5 32. Rf5 d5 33. Rf1 dxe4
34. dxe4 Rg4 35. Kf3 h5 36. h3 Rgg7 37. Rb1 Rc7 38. Be1 Rxc2 39. Rxb5 Rg1 40.
Ba5 Rh1 41. Kg3 Ra1 42. Bb4 Rd1 43. Rb6+ Kf7 44. Rd6 Rb1 45. Bd2 Rb3+ 46. Kf2
Rxh3 47. Ke2 Rxh4 48. Kd3 Rxd2+ 49. Kxd2 Rxe4 0-1

[Event "4NCL/Div3/FCA2 vs. RHYE"]
[Site "Daventry ENG"]
[Date "2009.10.24"]
[Round "1.3"]
[White "Fraser-Mitchell, Jeremy N"]
[Black "Trevelyan, John"]
[Result "1-0"]
[WhiteElo "2002"]
[BlackElo "2166"]
[PlyCount "109"]
[EventDate "2009.10.24"]
[SourceDate "2009.10.24"]

1. f4 d5 2. b3 e5 3. fxe5 Qh4+ 4. g3 Qd4 5. Nc3 Qxe5 6. Nf3 Qh5 7. Bb2 Nf6 8.
Bg2 Be7 9. e3 O-O 10. O-O c6 11. Ne2 Nbd7 12. Nf4 Qh6 13. c4 Nc5 14. Qc2 Be6
15. Nd4 Bd6 16. cxd5 cxd5 17. Nf5 Bxf5 18. Qxf5 Bxf4 19. Rxf4 Ne6 20. Rf2 Rad8
21. Bxf6 Qxf6 22. Qxf6 gxf6 23. Rxf6 d4 24. Bxb7 dxe3 25. dxe3 Rd2 26. Rf2 Rfd8
27. Raf1 Nc5 28. Bc6 Rxf2 29. Rxf2 Rd1+ 30. Rf1 Rd2 31. b4 Nd3 32. Bd5 Nxb4 33.
Bxf7+ Kg7 34. Bb3 Nxa2 35. Rf7+ Kg6 36. Rxa7 Nb4 37. Rb7 Nc2 38. Bxc2+ Rxc2 39.
h4 h5 40. Kf1 Kf5 41. Rb4 Ra2 42. Rf4+ Ke5 43. Rf2 Ra1+ 44. Ke2 Ke4 45. Rf4+
Ke5 46. Rb4 Rg1 47. Kf2 Ra1 48. Kf3 Rf1+ 49. Kg2 Re1 50. Rb5+ Ke4 51. Rxh5 Rxe3
52. Ra5 Rb3 53. h5 Rb8 54. Kh3 Rg8 55. Kh4 1-0

[Event "4NCL/Div3/FCA2 vs. RHYE"]
[Site "Daventry ENG"]
[Date "2009.10.24"]
[Round "1.4"]
[White "Smith, Olivia"]
[Black "Adebajo, Olufemi"]
[Result "0-1"]
[WhiteElo "2026"]
[BlackElo "1952"]
[PlyCount "104"]
[EventDate "2009.10.24"]
[SourceDate "2009.10.24"]

1. e4 c5 2. Nf3 Nc6 3. d4 cxd4 4. Nxd4 g6 5. Be3 Bg7 6. Nc3 Nf6 7. f3 O-O 8.
Bc4 Qb6 9. Qd2 Nxe4 10. fxe4 Bxd4 11. Bxd4 Qxd4 12. Qxd4 Nxd4 13. O-O-O Nc6 14.
h4 d6 15. Nd5 Bg4 16. Rdf1 Be6 17. h5 Bxd5 18. Bxd5 g5 19. Rh3 h6 20. a4 Rab8
21. Rc3 Rbc8 22. Kb1 Kg7 23. Rb3 b6 24. Rc3 Ne5 25. Ra3 e6 26. Ba2 Rc6 27. Rf2
Rfc8 28. a5 b5 29. a6 R8c7 30. Rd2 Kf6 31. Rf2+ Ke7 32. Ra5 Rb6 33. Bb3 Nc6 34.
Ra3 Ne5 35. Ba2 b4 36. Rb3 Rc4 37. Re3 Rd4 38. Re1 Rxa6 39. Bb3 f6 40. Ref1 Ng4
41. Re2 Ra5 42. Rfe1 Rc5 43. Ba4 Ra5 44. Bb3 Re5 45. c3 bxc3 46. bxc3 Rd3 47.
Kc2 Rg3 48. Kd2 Rb5 49. Bc2 Rc5 50. Ra1 a5 51. Bd3 Ne5 52. Ba6 Rgxc3 0-1

[Event "4NCL/Div3/FCA2 vs. RHYE"]
[Site "Daventry ENG"]
[Date "2009.10.24"]
[Round "1.5"]
[White "Matthews, Adrian MS"]
[Black "Brown, Tom"]
[Result "0-1"]
[WhiteElo "1936"]
[BlackElo "2051"]
[PlyCount "42"]
[EventDate "2009.10.24"]
[SourceDate "2009.10.24"]

1. e4 c5 2. c3 g6 3. Nf3 Bg7 4. d4 cxd4 5. cxd4 d5 6. e5 Bg4 7. Bb5+ Nc6 8. h3
Bxf3 9. Qxf3 Rc8 10. Nc3 e6 11. O-O Nh6 12. g4 O-O 13. Bxc6 Rxc6 14. b3 f6 15.
exf6 Rxf6 16. Qd3 Rf8 17. Bb2 Qg5 18. Bc1 Qh4 19. Ne2 Nxg4 20. hxg4 Qxg4+ 21.
Kh1 Rf3 0-1

[Event "4NCL/Div3/FCA2 vs. RHYE"]
[Site "Daventry ENG"]
[Date "2009.10.24"]
[Round "1.6"]
[White "Blackburn, Suzy G"]
[Black "Shaw, John S"]
[Result "0-1"]
[WhiteElo "1912"]
[BlackElo "1930"]
[PlyCount "89"]
[EventDate "2009.10.24"]
[SourceDate "2009.10.24"]

1. d4 Nf6 2. Nf3 e6 3. Bg5 h6 4. Bh4 d6 5. Nbd2 g5 6. Bg3 Nh5 7. e4 Bg7 8. c3
Nd7 9. Bc4 O-O 10. Qe2 a6 11. O-O-O b5 12. Bb3 Nxg3 13. hxg3 c5 14. e5 cxd4 15.
cxd4 dxe5 16. dxe5 Nxe5 17. Nxe5 Qc7+ 18. Ndc4 bxc4 19. Nxc4 Bb7 20. Rh2 Bd5
21. Kb1 Rfc8 22. Nd2 Rab8 23. Rhh1 Bxb2 24. Qd3 Bg7 25. Rhe1 a5 26. Rc1 Qb6 27.
Rxc8+ Rxc8 28. Rc1 Rxc1+ 29. Kxc1 Bxb3 30. axb3 Qxf2 31. Qd8+ Kh7 32. Qd3+ Qf5
33. Qd8 Qd5 34. Qc7 Kg6 35. Nc4 Qxg2 36. Nxa5 Qb2+ 37. Kd1 Bc3 38. Nc4 Qxb3+
39. Ke2 Qc2+ 40. Kf3 Qd3+ 41. Kg2 Qe2+ 42. Kh1 Bd4 43. Qc6 Qf1+ 44. Kh2 Bg1+
45. Kh1 0-1

[Event "4NCL/Div3/SSC vs. SBS"]
[Site "Daventry ENG"]
[Date "2009.10.24"]
[Round "1.1"]
[White "Salimbeni, George PW"]
[Black "Ackley, Peter JE"]
[Result "1/2-1/2"]
[WhiteElo "2163"]
[BlackElo "2095"]
[PlyCount "68"]
[EventDate "2009.10.24"]
[SourceDate "2009.10.24"]

1. e4 e6 2. d4 d5 3. Nd2 Be7 4. Bd3 c5 5. Ngf3 Nf6 6. e5 Nfd7 7. c3 Nc6 8. O-O
a5 9. Qe2 cxd4 10. cxd4 g5 11. Qe3 Qb6 12. h3 h5 13. g4 a4 14. Nb1 hxg4 15.
hxg4 Rh3 16. Be2 Rxf3 17. Bxf3 Qxd4 18. Qxd4 Nxd4 19. Bd1 Nxe5 20. Nc3 Bd7 21.
Kg2 Ng6 22. Be3 Nf4+ 23. Kg1 Bf6 24. Rb1 Bc6 25. Bxd4 Bxd4 26. Ne2 Nxe2+ 27.
Bxe2 Ke7 28. Kg2 e5 29. Rh1 e4 30. f3 e3 31. Bd3 Be5 32. Kf1 d4 33. Ke2 Bd5 34.
a3 Bc6 1/2-1/2

[Event "4NCL/Div3/SSC vs. SBS"]
[Site "Daventry ENG"]
[Date "2009.10.24"]
[Round "1.2"]
[White "Edgell, Ben P"]
[Black "Oates, David R"]
[Result "1-0"]
[WhiteElo "2100"]
[BlackElo "2159"]
[PlyCount "55"]
[EventDate "2009.10.24"]
[SourceDate "2009.10.24"]

1. d4 Nf6 2. Nf3 g6 3. g3 Bg7 4. Bg2 O-O 5. O-O d6 6. c4 c6 7. Nc3 Nbd7 8. e4
e5 9. h3 Re8 10. d5 cxd5 11. cxd5 Nc5 12. Ne1 a5 13. Nd3 b6 14. Re1 Ba6 15. Bf1
Qd7 16. Kh2 Rec8 17. Nxc5 bxc5 18. Bxa6 Rxa6 19. a4 Ne8 20. Nb5 Nc7 21. Na3 Na8
22. Qe2 Ra7 23. Nc4 Bf6 24. Bd2 Bd8 25. f4 f6 26. fxe5 dxe5 27. Rf1 Nc7 28. Nb6
1-0